Propuesta de anteproyecto de centro innovación tecnológica en energías renovables en Totogalpa-Nicaragua
Presenta una Propuesta de anteproyecto de centro innovación tecnológica en energías renovables en Totogalpa-Nicaragua. La propuesta de este centro de innovación tecnológico con enfoque en energías renovables, servirá para que Nicaragua cuente con un lugar generador de conocimientos y de puert...
| Main Author: | |
|---|---|
| Other Authors: | |
| Format: | Tesis Section = Libro |
| Language: | Undetermined Spanish |
| Published: |
Managua
UNI
2015
|
| Subjects: |
| LEADER | 01391nam a2200265Ia 4500 | ||
|---|---|---|---|
| 008 | 240830s9999 xx 000 0 und d | ||
| 040 | |a BIBLIOTECA-RUSB/ Mon 720.472 E77 | ||
| 041 | |a spa | ||
| 082 | |a Mon 720.472 E77 | ||
| 100 | 1 | |a Espinoza Membreño, Mario Alberto | |
| 245 | 1 | 0 | |a Propuesta de anteproyecto de centro innovación tecnológica en energías renovables en Totogalpa-Nicaragua |
| 260 | |a Managua |b UNI |c 2015 | ||
| 300 | |a 199 p. :il. | ||
| 500 | |a Contiene: anexos e Incluye: CD. | ||
| 502 | |a Tesis (Arquitecto) - UNI, 2015. | ||
| 520 | 3 | |a Presenta una Propuesta de anteproyecto de centro innovación tecnológica en energías renovables en Totogalpa-Nicaragua. La propuesta de este centro de innovación tecnológico con enfoque en energías renovables, servirá para que Nicaragua cuente con un lugar generador de conocimientos y de puertas abiertas al a sociedad, científicos, académicos, técnicos, creativos e innovadores de cada departamento o región del país, intercambien conocimientos y asocien de manera multidisciplinaria. | |
| 650 | 7 | |a ARQUITECTURA-ENERGIA SOLAR | |
| 650 | 7 | |b DISEÑO ARQUITECTONICO-NORMA | |
| 650 | 7 | |c DIBUJOS ARQUITECTONICOS | |
| 650 | 7 | |d DISEÑO DE ESTRUCTURAS | |
| 650 | 7 | |e ARQUITECTURA-DISEÑOS Y PLANOS | |
| 700 | 1 | |a Tutor: |b Valenzuela Lanzas, Mauricio Felipe | |
| 942 | |c BK |2 ddc | ||
| 991 | |a TESIS | ||
| 999 | |c 21136 | ||